ՀՀ Գիտությունների ազգային ակադեմիայի հիմնարար գիտական գրադարան  =   Fundamental Scientific Library of NAS RA

Ինտէրնացիօնալ ; Մարսելիէզ ; Վարշավեանկա / (Record no. 518199)

MARC details
000 -LEADER
fixed length control field 00865nam a2200205 a 4500
003 - CONTROL NUMBER IDENTIFIER
control field AM-YEHGA
005 - DATE AND TIME OF LATEST TRANSACTION
control field 20250618080014.0
008 - FIXED-LENGTH DATA ELEMENTS--GENERAL INFORMATION
fixed length control field 030212s1922 ru ||||gr|||||000 p arm||
040 ## - CATALOGING SOURCE
Original cataloging agency AM-YeHGA
041 1# - LANGUAGE CODE
Language code of text/sound track or separate title arm
Language code of original rus
001 - CONTROL NUMBER
control field 9179
090 ## - LOCALLY ASSIGNED LC-TYPE CALL NUMBER (OCLC); LOCAL CALL NUMBER (RLIN)
-- 521753
245 00 - TITLE STATEMENT
Title Ինտէրնացիօնալ ; Մարսելիէզ ; Վարշավեանկա /
Statement of responsibility, etc. Թարգմ.՝ Գ. Հայկունի ; Մօսկվայի հայ գրական-գեղարւեստական խմբակցութիւն․
260 ## - PUBLICATION, DISTRIBUTION, ETC.
Place of publication, distribution, etc. Մոսկվա :
Name of publisher, distributor, etc. Ա. հ.,
Date of publication, distribution, etc. [1922].
300 ## - PHYSICAL DESCRIPTION
Extent 7 էջ ;
Dimensions 16 սմ.
500 ## - GENERAL NOTE
General note Հայաստանի պրօլետարական յեղափոխութեան տարեդարձին։
650 14 - SUBJECT ADDED ENTRY--TOPICAL TERM
Topical term or geographic name entry element Ինտերնացիոնալ - Մարսելիեզ
710 2# - ADDED ENTRY--CORPORATE NAME
Corporate name or jurisdiction name as entry element Մօսկվայի հայ գրական-գեղարւեստական խմբակցութիւն
9 (RLIN) 4793
942 ## - ADDED ENTRY ELEMENTS (KOHA)
Source of classification or shelving scheme Universal Decimal Classification
Koha item type Գրքեր / Books
Holdings
Withdrawn status Lost status Source of classification or shelving scheme Damaged status Not for loan Collection Home library Current library Date acquired Total checkouts Full call number Barcode Date last seen Price effective from Koha item type Public note
    Universal Decimal Classification     Kusikian Individual Collection Fundamental Scientific Library Fundamental Scientific Library 08/10/2021   Կուս/1577 FL0629643 08/10/2021 08/10/2021 Գրքեր / Books ILL Non Circ


ՀՀ ԳԱԱ հիմնարար գիտական գրադարան
ՀՀ,Երևան 0019
Մարշալ Բաղրամյան 24/6
հեռախոս:(374-10) 52-47-50
Հետադարձ կապ

All site content, except where otherwise noted, is licensed under a
Creative Commons License